Электростатика. Постоянный ток: учебное пособие

Chi tiết về thư mục
Tác giả chính: Кузнецов С. И. Сергей Иванович
Tác giả của công ty: Томский политехнический университет (ТПУ)
Tóm tắt:Заглавие с титульного экрана
Электронная версия печатной публикации
В учебном пособии рассмотрены свойства материи, связанные с наличием в природе электрических зарядов, которые определяют возникновение электромагнитных полей. Определены границы применимости классических представлений. Даны разъяснения основных законов, явлений и понятий электростатики. Пособие подготовлено на кафедре общей физики ТПУ, по программе курса физики высших технических учебных заведений. Соответствует инновационной политике ТПУ и направлено на активизацию научного мышления и познавательной деятельности студентов. Предназначено для межвузовского использования студентами технических специальностей очной и дистанционной форм обучения.
Ngôn ngữ:Tiếng Nga
Được phát hành: Томск, Изд-во ТПУ, 2007
Phiên bản:2-е изд., перераб. и доп.
Những chủ đề:
Truy cập trực tuyến:http://www.lib.tpu.ru/fulltext/m/2012/m17.pdf
Định dạng: Điện tử Sách
KOHA link:https://koha.lib.tpu.ru/cgi-bin/koha/opac-detail.pl?biblionumber=224340

MARC

LEADER 00000nlm0a2200000 4500
001 224340
005 20231101230601.0
035 |a (RuTPU)RU\TPU\book\244644 
090 |a 224340 
100 |a 20121024d2007 k y0rusy50 ca 
101 0 |a rus 
102 |a RU 
105 |a y j 000zy 
135 |a vrcn ---uucaa 
181 0 |a i  
182 0 |a b 
200 1 |a Электростатика. Постоянный ток  |b Электронный ресурс  |e учебное пособие  |f С. И. Кузнецов  |g Томский политехнический университет (ТПУ) 
203 |a Текст  |c электронный 
205 |a 2-е изд., перераб. и доп. 
210 |a Томск  |c Изд-во ТПУ  |d 2007 
230 |a 1 компьютерный файл (pdf; 6.2 MB) 
300 |a Заглавие с титульного экрана 
300 |a Электронная версия печатной публикации 
330 |a В учебном пособии рассмотрены свойства материи, связанные с наличием в природе электрических зарядов, которые определяют возникновение электромагнитных полей. Определены границы применимости классических представлений. Даны разъяснения основных законов, явлений и понятий электростатики. Пособие подготовлено на кафедре общей физики ТПУ, по программе курса физики высших технических учебных заведений. Соответствует инновационной политике ТПУ и направлено на активизацию научного мышления и познавательной деятельности студентов. Предназначено для межвузовского использования студентами технических специальностей очной и дистанционной форм обучения. 
337 |a Adobe Reader 
452 1 |0 (RuTPU)RU\TPU\book\131963  |t Электростатика. Постоянный ток  |o учебное пособие  |f С. И. Кузнецов  |g Томский политехнический университет  |e 2-е изд., перераб. и доп.  |c Томск  |n Изд-во ТПУ  |d 2007  |p 133 с.  |s Учебники Томского политехнического университета  |a Кузнецов, Сергей Иванович 
606 1 |a Электростатика  |x (физика)  |2 stltpush  |3 (RuTPU)RU\TPU\subj\60238  |9 77674 
606 1 |a Электрический ток, постоянный  |x (физика)  |2 stltpush  |3 (RuTPU)RU\TPU\subj\27805  |9 51501 
610 1 |a физика 
610 1 |a постоянный ток 
610 1 |a электромагнетизм 
610 1 |a электростатическое поле 
610 1 |a теорема Остроградского-Гаусса 
610 1 |a потенциал 
610 1 |a напряженность 
610 1 |a диэлектрики 
610 1 |a проводники 
610 1 |a эмиссия 
610 1 |a постоянный электрический ток 
610 1 |a учебные пособия 
610 1 |a труды учёных ТПУ 
610 1 |a электронный ресурс 
610 1 |a заряды 
610 1 |a вакуум 
610 1 |a электроны 
610 1 |a контактные явления 
610 1 |a газ 
675 |a 537.2(075.8)  |v 3 
675 |a 537.3(075.8)  |v 3 
700 1 |a Кузнецов  |b С. И.  |c физик  |c доцент Томского политехнического университета, кандидат технических наук  |f 1952-  |g Сергей Иванович  |2 stltpush  |3 (RuTPU)RU\TPU\pers\27957 
712 0 2 |a Томский политехнический университет (ТПУ)  |c (1991-2009)  |2 stltpush  |3 (RuTPU)RU\TPU\col\376 
801 1 |a RU  |b 63413507  |c 20060126  |g PSBO 
801 2 |a RU  |b 63413507  |c 20130401  |g PSBO 
856 4 |u http://www.lib.tpu.ru/fulltext/m/2012/m17.pdf 
942 |c CF